Ājhādīno nāda. (Record no. 74462)

MARC details
000 -LEADER
fixed length control field 00517cam a22002171 4500
001 - CONTROL NUMBER
control field sa 67004417
003 - CONTROL NUMBER IDENTIFIER
control field DLC
005 - DATE AND TIME OF LATEST TRANSACTION
control field 20260227112346.0
008 - FIXED-LENGTH DATA ELEMENTS--GENERAL INFORMATION
fixed length control field 890815s1966 ii 000 0 gujo
010 ## - LIBRARY OF CONGRESS CONTROL NUMBER
LC control number sa 67004417
035 ## - SYSTEM CONTROL NUMBER
System control number (OCoLC)20182892
040 ## - CATALOGING SOURCE
Original cataloging agency DLC
Transcribing agency WaU
Modifying agency DLC
042 ## - AUTHENTICATION CODE
Authentication code premarc
050 00 - LIBRARY OF CONGRESS CALL NUMBER
Classification number DS481.A45
Item number P3
100 1# - MAIN ENTRY--PERSONAL NAME
Personal name Patel, I. J.
245 10 - TITLE STATEMENT
Title Ājhādīno nāda.
260 ## - PUBLICATION, DISTRIBUTION, ETC.
Date of publication, distribution, etc. [1966]
300 ## - PHYSICAL DESCRIPTION
Extent 4, 146 p.
Dimensions 19 cm.
500 ## - GENERAL NOTE
General note In Gujarati.
600 10 - SUBJECT ADDED ENTRY--PERSONAL NAME
Personal name Ājhāda, Pr̥thvīsiṃha.

No items available.

Powered by Koha